| 000 | 00609nam a2200217Ii 4500 | ||
|---|---|---|---|
| 001 | 13840 | ||
| 003 | CO-ViMGA | ||
| 008 | 241108s9999||||xx |||||||||||||| ||und|| | ||
| 020 | _a9583015555 | ||
| 040 |
_aCO-ViMGA _bspa _erda _cCO-ViMGA |
||
| 041 | 0 | _aspa | |
| 082 | 0 | 4 | _aCG ARI3 |
| 100 | 1 |
_aNora Aristizábal de Baena _950840 |
|
| 245 | 1 | 0 | _aLa granja al revés |
| 264 | 1 | _aBogotá, Colombia : Panamericana, 2004 | |
| 300 | _avolumen | ||
| 336 |
_atext _btxt _2rdacontent |
||
| 337 |
_aunmediated _bn _2rdamedia |
||
| 338 |
_avolume _bnc _2rdacarrier |
||
| 940 | _aidficha_siabuc: 13539. -- ficha_no_siabuc:13840 | ||
| 999 |
_c45535 _d45535 |
||